header

Pigskin (Record no. 49621)

MARC details
000 -LEADER
fixed length control field 01254nam a2200313Ia 4500
082 04 - DEWEY DECIMAL CLASSIFICATION NUMBER
Classification number 796.332/64/0973
100 1# - MAIN ENTRY--AUTHOR NAME
Personal name Peterson, Robert,
245 10 - TITLE STATEMENT
Title Pigskin
260 ## - PUBLICATION, DISTRIBUTION, ETC. (IMPRINT)
Place of publication New York :
Name of publisher Oxford University Press,
Year of publication 1997.
300 ## - PHYSICAL DESCRIPTION
Number of Pages 228 p., [16] p. of plates :
Other physical details ill.
650 #0 - SUBJECT ADDED ENTRY--TOPICAL TERM
Topical Term Football
Topical Term Ball games
856 40 - ELECTRONIC LOCATION AND ACCESS
Uniform Resource Identifier http://site.ebrary.com/lib/rucke/Doc?id=10085414

No items available.

© 2026 Rongo University
Contact us: librarian | system librarian | Rongo university